| 000 | 00955nam a2200253 a 4500 | ||
|---|---|---|---|
| 001 | 41865 | ||
| 003 | BD-RjUL | ||
| 005 | 20211209053449.0 | ||
| 008 | 160607s1984 bg ||||| |||| 00| 0 ben d | ||
| 020 | _c: Tk.20 | ||
| 035 | _a(BD-RjUL) 41983 | ||
| 040 |
_aBD-RjUL _bben _cBD-RjUL |
||
| 041 | _aben | ||
| 082 |
_223 _a305.495492 _bTAN 1984 |
||
| 100 |
_aআবূতালিব, মুহম্মদ _9128611 |
||
| 245 | 1 | 0 |
_aনওয়াব ফয়েজুন্নেসা চৌধুরাণী : কবি ও সমাজসেবী / _cমুহম্মদ আবূতালিব |
| 260 |
_aঢাকা : _bদীপকা, _c১৯৮৪ |
||
| 300 |
_a[৪], ৮৮ পৃ. : _bচিত্র ; _c২১ সেমি. |
||
| 500 | _aনির্ঘন্ট | ||
| 504 | _aগ্রন্থপঞ্জি | ||
| 650 |
_aনারী _zবাংলাদেশ _9128612 |
||
| 650 |
_aWoman _zBangladesh _9128613 |
||
| 942 |
_2ddc _cBK |
||
| 999 |
_c41865 _d41865 |
||